Southville International School and Colleges
Your cart is empty.
  • Cart
  • Lists
    Public lists Eva Luna New books Lux_list list_1
    Your lists Log in to create your own lists
  • Log in to your account
  • Your cookies
  • Search history
Southville International School and Colleges
  • Advanced search
  • Recent comments
  • Most popular
  • Libraries

Log in to your account

Log in with GOOGLE


If you do not have an external account, but do have a local account, you can still log in:

  1. Home
  2. MARC view: Advertising, promotion, and other aspects of integrated marketing communications /
Normal view MARC view ISBD view

Advertising, promotion, and other aspects of integrated marketing communications / (Record no. 363087)

[ view plain ]
MARC details
000 -LEADER
fixed length control field 00813nam a2200265Ia 4500
008 - FIXED-LENGTH DATA ELEMENTS--GENERAL INFORMATION
fixed length control field 191119s9999 xx 000 0 und d
020 ## - INTERNATIONAL STANDARD BOOK NUMBER
International Standard Book Number 978-981-48-4687-5
050 ## - LIBRARY OF CONGRESS CALL NUMBER
Classification number MAIN HF 5415.123
050 ## - LIBRARY OF CONGRESS CALL NUMBER
Item number .S55 2019
100 ## - MAIN ENTRY--PERSONAL NAME
Personal name Shimp, Terence A.
245 #0 - TITLE STATEMENT
Title Advertising, promotion, and other aspects of integrated marketing communications /
245 #0 - TITLE STATEMENT
Statement of responsibility, etc Terence A. Shimp, J. Craig Andrews.
250 ## - EDITION STATEMENT
Edition statement 10th Edition
260 ## - PUBLICATION, DISTRIBUTION, ETC. (IMPRINT)
Place of publication, distribution, etc Singapore :
260 ## - PUBLICATION, DISTRIBUTION, ETC. (IMPRINT)
Name of publisher, distributor, etc Cengage Learning Asia,
260 ## - PUBLICATION, DISTRIBUTION, ETC. (IMPRINT)
Date of publication, distribution, etc 2019
300 ## - PHYSICAL DESCRIPTION
Extent 635 pages :
300 ## - PHYSICAL DESCRIPTION
Other physical details illustrations ;
300 ## - PHYSICAL DESCRIPTION
Dimensions 26 cm.
500 ## - GENERAL NOTE
General note Includes index.
650 ## - SUBJECT ADDED ENTRY--TOPICAL TERM
Topical term or geographic name as entry element Advertising -- Textbooks.
650 ## - SUBJECT ADDED ENTRY--TOPICAL TERM
Topical term or geographic name as entry element Communication in marketing -- Textbooks.
650 ## - SUBJECT ADDED ENTRY--TOPICAL TERM
General subdivision Direct marketing -- Textbooks.
650 ## - SUBJECT ADDED ENTRY--TOPICAL TERM
General subdivision Sales promotion -- Textbooks.
Holdings
Withdrawn status Lost status Damaged status Home library Current library Shelving location Date acquired Cost, normal purchase price Total Checkouts Full call number Barcode Date last seen Price effective from Koha item type
      South Mansfield College South Mansfield College   08/01/2019 916.20   MAIN HF 5415.123 .S55 2019 SMC06222 06/01/2020 06/01/2020 Books

Advertising, promotion, and other aspects of integrated marketing communications /

APA

Shimp T. A., .Advertising, promotion, and other aspects of integrated marketing communications. Singapore: .

Chicago

Shimp Terence A, .Advertising, promotion, and other aspects of integrated marketing communications. Singapore: .

Harvard

Shimp T. A., .Advertising, promotion, and other aspects of integrated marketing communications. Singapore: .

MLA

Shimp Terence A, .Singapore: . .

  • Place hold
  • Print
  • Cite
  • Add to your cart (remove)
  • Save record
    BIBTEX Dublin Core MARCXML MARC (non-Unicode/MARC-8) MARC (Unicode/UTF-8) MARC (Unicode/UTF-8, Standard) MODS (XML) RIS
  • More searches
    Search for this title in:
    Other Libraries (WorldCat) Other Databases (Google Scholar) Online Stores (Bookfinder.com) Open Library (openlibrary.org)

Exporting to Dublin Core...

SOUTHVILLE LIBRARY

Southville International School and Colleges Library

1281 Tropical Ave. Cor. Luxembourg St., BF Homes International, Las Pinas City

Tel. No. 8256374 / 252358 Loc. 117/146

Powered by Koha